Movies Quiz

Random Movies or Blitz Quiz

60 Second Blitz: Pixar Movies Quiz Stats

 Plays Quiz Updated Jun 18, 2021

Support Sporcle.
Go Orange.
Score 0/24 Timer 01:00
0 Plays Today
Year Movie % Correct
1995Toy Story
96%
1999Toy Story 2
92.6%
2010Toy Story 3
90.3%
2019Toy Story 4
79.5%
2006Cars
78.9%
2009Up
75.7%
2001Monsters, Inc.
73%
2011Cars 2
70.9%
2003Finding Nemo
69.9%
1998A Bug's Life
67%
2017Cars 3
63.3%
2008WALL-E
60.6%
Year Movie % Correct
2004The Incredibles
60.3%
2013Monsters University
59.4%
2016Finding Dory
55.5%
2018Incredibles 2
54.4%
2012Brave
53%
2020Soul
51.5%
2015Inside Out
47.1%
2021Luca
44.5%
2007Ratatouille
44.1%
2020Onward
42.5%
2017Coco
39.4%
2015The Good Dinosaur
34.6%

From the Vault

Northern Hemisphere Africa Minefield

by wiggytitch

We would suggest not clicking South Africa here.
Remove Ads.
Support Sporcle.
Get the best of Sporcle when you Go Orange. This ad-free experience offers more features, more stats, and more fun while also helping to support Sporcle. Thank you for becoming a member.

Show Comments

Extras

Top Quizzes Today


Score Distribution

Your Account Isn't Verified!

In order to create a playlist on Sporcle, you need to verify the email address you used during registration. Go to your Sporcle Settings to finish the process.

Report this User

Report this user for behavior that violates our Community Guidelines.

Details: